| 000 | 01289nam a2200349 i 4500 | ||
|---|---|---|---|
| 003 | CO-BoRNBP | ||
| 005 | 20230404141417.0 | ||
| 007 | ta | ||
| 008 | 221116s2022 ck a |br ||| 00| jdspa d | ||
| 020 | _a9786289528985 | ||
| 040 |
_aCO-BoRNBP _bspa _erda _cCO-BoRNBP |
||
| 041 | 1 |
_aspa _hcat |
|
| 043 | _ae-sp--- | ||
| 084 | _aC BON3 | ||
| 100 | 1 |
_aBonilla Raya, Rocio _d1970- _eautora _9927 |
|
| 245 | 1 | 0 |
_aGracias _bhistoria de un vecindario _ctexto e ilustraciones Rocio Bonilla |
| 250 | _aEdición especial | ||
| 264 | 1 |
_aBogotá, Colombia _bLobolunar _c2022 |
|
| 300 |
_a42 páginas sin numerar _bilustraciones a color _c29 cm |
||
| 336 |
_atexto _btxt _2rdacontent |
||
| 337 |
_asin mediación _bn _2rdamedia |
||
| 338 |
_avolumen _bnc _2rdacarrier |
||
| 490 | 0 | _aPlan Nacional de Lectura y Escritura Leer es mi Cuento / Ministerio de Cultura | |
| 521 | _aRecomendado para un público infantil mayor de 6 años | ||
| 534 | _tGràcies. Història D'un veïnat | ||
| 650 | 1 | 7 |
_aCuentos infantiles españoles _ySiglo XX _2LEMB _9928 |
| 650 | 1 | 7 |
_aLiteratura infantil española _ySiglo XX _2LEMB _9845 |
| 650 | 1 | 7 |
_aAutores españoles _ySiglo XX _2LEMB _9846 |
| 650 | 1 | 7 |
_aVecindario en la literatura _2LEMB _9929 |
| 650 | 1 | 7 |
_aVida en comunidad en la literatura _2LEMB _9930 |
| 942 |
_2ddc _cBK |
||
| 999 |
_c9333 _d9333 |
||